Transformaciones tendencias y perspectivas /
Сохранить в:
| Главный автор: | |
|---|---|
| Формат: | Текст |
| Метки: |
Добавить метку
Нет меток, Требуется 1-ая метка записи!
|
MARC
| LEADER | 00000 a a2200000 04500 | ||
|---|---|---|---|
| 001 | 45199 | ||
| 003 | |||
| 040 | |||
| 090 | |a REV0754 (8)1985 | ||
| 100 | |a Cordovez López, Luis | ||
| 245 | |a Transformaciones tendencias y perspectivas / |c Luis Cordovez López | ||
| 773 | |g número8 (Julio-diciembre, 1985), páginas 15-36 | ||
| 999 | |c 36930 |d 36930 | ||
